| 000 | 01089namaa22002891i 4500 | ||
|---|---|---|---|
| 003 | EG-GICUC | ||
| 005 | 20260215104037.0 | ||
| 008 | 260215s198u ua ||||jr|||| 000 0 ara d | ||
| 040 |
_aEG-GiCUC _bara _cEG-GiCUC _dEG-GiCUC _erda |
||
| 082 | 0 | 4 |
_221 _a412 _bS5681m |
| 092 | 0 | 4 |
_221 _a412 _bS5681m |
| 099 | _a412 S5681m | ||
| 100 | 1 |
_aابن سيدة، على بن اسماعيل، _d1007-1066 _eمؤلف. |
|
| 245 | 1 | 2 |
_aالمخصص / _cتأليف أبى الحسن على بن اسماعيل النحوى اللغوى الأندلسى المعروف بابن سيده |
| 264 |
_aالقاهرة (مصر) : _bدار الكتاب الاسلامى، _c[198-] |
||
| 300 |
_aفى 17 مجلد 5 ؛ _c24 سم |
||
| 336 |
_2rdacontent _atext |
||
| 337 |
_2rdamedia _aUnmediated |
||
| 338 |
_2rdacarrier _avolume |
||
| 490 | _aذخائر التراث العربى | ||
| 504 | _a. | ||
| 541 |
_aد. جابر عصفور ؛ _bالقاهرة ؛ _cإهداء ؛ _d2024. |
||
| 650 | 1 | 7 |
_aاللغة العربية _xألفاظ _2qrmak |
| 651 | 1 | _2qrmak | |
| 905 | _aHuda | ||
| 942 |
_2ddc _cBK _e21 _n0 |
||
| 999 |
_c178459 _d178459 |
||